01115nam a2200277 4500003001100000005001700011008004100028020001500069040003900084041000800123082001300131245008400144260003500228300005900263490005000322650003700372650004400409650004800453650003800501700002700539700003000566856013200596942000700728952008700735999001500822LK-CoMWRAF20230829152107.0230822b2001 |||||||| |||| 00| 0 eng d a1555879802 aLK-CoMWRAFdLK-CoMWRAFeLK-CoMWRAF aeng a337bINT aThe international political economy of the environment: bcritical perspectives aBoulder:bLynne Rienner,c2001 aviii, 309 p. ; 23 cm.bBibliography and index included aInternational political economy yearbook v12 aCAPITALISM-ENVIRONMENTAL ASPECTS aEnvironmental policy -Economic aspects  aEconomic development -Environmental aspects a International economic relations aStevis, Dimitris eed. aAssetto, Valerie J. eed. uhttps://www.researchgate.net/publication/283298386_The_International_Political_Economy_of_the_Environment_Critical_Perspectives cBK 00104070aMAINbMAINd2023-08-22l0o337 INTpRAF142r2023-08-22w2023-08-22yBK c3248d3248